000 00570nam a2200205 4500
001 132553
003 ES-MaACL
005 20250710062732.0
007 t|
008 070214s1958 fr r ||||1| fre d
100 1 _aRomeuf, Jean.
_999464
245 1 2 _aL'economie planifiée /
_cpar Jean Romeuf.
250 _a3e éd.
260 _aParis :
_bPresses Universitaires de France,
_c1958.
300 _a128 p. ;
_c18 cm.
490 1 _aQue sais je? ;
_v329
830 0 0 _aQue sais-je?
_v329
_9180931
852 _aES-MaACL
_jC-15964
_bR.43384
999 _c132553
_d132553